|
|
|
|
| LEADER |
00000nam a2200000 a 4500 |
| 001 |
vtls008624597 |
| 003 |
SK-MaSNL |
| 005 |
20260301093716.0 |
| 008 |
240314s2005 xo a j 000 f slo |
| 015 |
|
|
|a SNBA2006/03-01632
|
| 020 |
|
|
|a 8089208290
|q (viaz.)
|
| 035 |
|
|
|a 9494074E-FB11-40A2-B833-F58D3F87D2FD
|
| 035 |
|
|
|a urn:nbn:sk:snk-aml74b
|
| 035 |
|
|
|a urn:nbn:sk:snk-am008tyr
|
| 040 |
|
|
|a SNK
|b slo
|c SNK
|e AACR2
|
| 041 |
0 |
|
|a slo
|
| 044 |
|
|
|a xo
|c SK
|
| 072 |
|
7 |
|a 821.162.4-3
|x Slovenská próza
|2 konspekt
|
| 072 |
|
7 |
|a 821-93
|x Literatúra pre deti a mládež
|2 konspekt
|
| 080 |
|
|
|a 821-93
|2 2001
|
| 080 |
|
|
|a 821.162.4-34
|2 2001
|
| 100 |
1 |
|
|a Dobšinský, Pavol,
|d 1828-1885
|4 aut
|9 242422
|
| 245 |
1 |
0 |
|a Soľ nad zlato
|b z najkrajších slovenských rozprávok
|c Pavol Dobšinský ; [ilustrácie reprodukoval Michal Pišný]
|
| 250 |
|
|
|a 1. vyd.
|
| 260 |
|
|
|a Martin
|b Vydavateľstvo Matice slovenskej
|c 2005
|
| 300 |
|
|
|a 163 s., [12] s.
|b fareb. ilustr.
|c 25 cm
|
| 500 |
|
|
|a Fareb. ilustr. na front. Ilustr. na predsádkach
|
| 500 |
|
|
|a Slovníček
|
| 650 |
0 |
7 |
|a literatúra pre deti a mládež
|2 SNKPH
|9 21893
|
| 655 |
|
7 |
|a slovenské rozprávky
|2 SNKPH
|9 70528
|
| 700 |
1 |
|
|a Pišný, Michal,
|d 1977-
|4 ill
|9 183563
|
| 919 |
|
|
|a 80-89208-29-0
|
| 958 |
|
|
|a OND
|
| 999 |
|
|
|c 677961
|d 679891
|
| 952 |
|
|
|a SNK
|b SNK
|y PREZ
|7 0
|p 17A0497375
|o snkSC 122732
|i snk2006/3700
|8 0
|0 0
|1 0
|4 0
|d 2006-02-21
|f 1
|l 0
|r 2025-06-03 00:00:00
|w 2026-02-23
|
| 952 |
|
|
|a SNK
|b SNK
|y VYP
|7 0
|p 17A0497374
|o snkSC 122732 D1
|i snk2006/3702
|8 0
|0 0
|1 0
|4 0
|d 2006-02-21
|l 0
|r 2026-02-23 19:47:38
|w 2026-02-23
|